00433nam a2200145Ia 4500003000400000005001700004008004100021040001600062082001700078100001600095245009900111260005100210300000900261650001700270GCL20240530110835.0140319s9999 xx 000 0 eng d aGCL / cGCL04a700.942bF C1 aFORD, BORIS10aThe Cambridge Guide to the Arts in Britian : VOLUME 7 THE LATER VICTORIAN AGE. / cFORD, BORIS a[S.N] : bCOMBRIDGE UNIVERSITY PRESS ، c1988 a363 04aART, ENGLAND